LEADER 01031nam0-22003011--450- 001 990009231430403321 005 20101007101734.0 035 $a000923143 035 $aFED01000923143 035 $a(Aleph)000923143FED01 035 $a000923143 100 $a20101007d1858----km-y0itay50------ba 101 0 $ager 102 $aDE 105 $ay-------001yy 200 1 $a<>Privat und der Civilprozess der Romer von der Altesten Zeit bis auf Justinianus$eein Fulfsbuch zur Erklarung der Classiker und der Rechtsquellen fur Philologen und augehende Juristen nach den Quellen$fWilhelm Rein 210 $aLeipzig$cFleischer$d1858 215 $aXIV, 978 p.$d23 cm 676 $a340.5 700 1$aRein,$bWilhelm$075454 801 0$aIT$bUNINA$gRICA$2UNIMARC 901 $aBK 912 $a990009231430403321 952 $aIV B 7$b3024$fFGBC 952 $aBibl. Solazzi IV B 38$b63625$fFGBC 959 $aFGBC 996 $aPrivat und der Civilprozess der Romer von der Altesten Zeit bis auf Justinianus$9773057 997 $aUNINA LEADER 01206nam--2200397---450- 001 990003689200203316 005 20120918143030.0 010 $a978-88-6030-242-7 035 $a000368920 035 $aUSA01000368920 035 $a(ALEPH)000368920USA01 035 $a000368920 100 $a20120918d2009----km-y0itay50------ba 101 $aita 102 $aIT 105 $a||||||||001yy 200 1 $aBioetica tra morali e diritto$fPatrizia Borsellino 210 $aMilano$cCortina$d2009 215 $aXIII, 370 p.$d22 cm 225 2 $12001$aTesti, studi e ricerche di scienze giuridiche 410 0$12001$aTesti, studi e ricerche di scienze giuridiche 454 1$12001 461 1$1001-------$12001 606 0 $aBioetica$xDiritto$2BNCF 676 $a344.450419 700 1$aBORSELLINO,$bPatrizia$0162510 801 0$aIT$bsalbc$gISBD 912 $a990003689200203316 951 $aXXII.1.C. 964$b74672 G.$cXXII.1.C.$d00316367 959 $aBK 969 $aGIU 979 $aFIORELLA$b90$c20120918$lUSA01$h1428 979 $aFIORELLA$b90$c20120918$lUSA01$h1430 979 $aCHIARA$b90$c20140213$lUSA01$h1327 996 $aBioetica tra "morali" e diritto$9775557 997 $aUNISA